... E adesso mi riscatto... /

Salvato in:
Dettagli Bibliografici
Autore principale: Seneca, Vincent (Autore)
Natura: Libro
Lingua:italiano
Pubblicazione: Roma : Albatros, 2011
Serie:Nuove voci. Strade
Tags: Aggiungi Tag
Nessun Tag, puoi essere il primo ad aggiungerne!!

MARC

LEADER 00000nam a22000007i 4500
001 IT\ICCU\BVE\0560063
003 ItRI
005 20241227103733.0
008 111212s2011 it |||||| ||||| |||||c
020 |a 9788856738162 
040 |b ita  |c ARCIGAY RIMINI 
041 7 |a ita  |2 ISO-639-2 
100 1 |a Seneca, Vincent  |0 IT\ICCU\BVEV\183870  |4 aut 
245 1 0 |a ... E adesso mi riscatto... /  |c Vincent Seneca. 
260 |a Roma :  |b Albatros,  |c 2011 
300 |a 90 p. ;  |c 21 cm 
830 0 |a Nuove voci. Strade  |0 IT\ICCU\LIG\0024181 
942 |2 ddc  |c BK 
952 |0 0  |1 0  |2 ddc  |4 0  |6 856_914000000000000_SEN_ADE  |7 1  |9 2392  |a RN  |b RN  |d 2024-12-27  |l 0  |o 856.914 SEN ADE  |p 9845  |r 2024-12-27 10:38:20  |w 2024-12-27  |y BK 
981 1 |6 z01  |a i   |b xxxe  
982 1 |6 z01  |a n 
999 |c 2089  |d 2089